000 01046nam a22003017a 4500
001 8395
003 FISKH
005 20250910142157.0
008 250910b cb ||||| |||| 00| 0 eng d
020 _a0590537393
040 _aFISKH
_beng
_cFISKH
_dFISKH
050 _aQL737.M33 P74
082 _a599.27
100 _aPreller, James
245 _aKratts' creatures:
_bIn search of the real Tasmanian Devil /
_cby James Preller
250 _aFirst Scholastic printing , October 1996
260 _aNew York :
_bScholastic ,
_c1996.
300 _a32 pages :
_bcolor illustrations ;
_c20 cm .
490 _aKratts Creatures
505 _aR
520 _aMartin and Chris Kratt search for the elusive Tasmanian devil; includes a description of the animal, its habits and behavior, and an overview of other animals in the area.
521 8 _a740
_bLexile estimate
521 8 _aR
_bRaz-Plus
650 _aTasmanian devils
_vNon-fiction
650 _aKratts' Creatures
_vNon-fiction
942 _2ddc
_cBK
_n0
999 _c8395
_d8395